[Event "Muenster Bezirksliga 0607"]
[Site "Germany"]
[Date "2006.10.28"]
[Round "2.20"]
[White "Kohkemper, Volkmar"]
[Black "Arndt, Johannes"]
[Result "1-0"]
[WhiteElo "1765"]
[BlackElo "1717"]
[PlyCount "77"]
[EventDate "2006.09.16"]
[EventType "team"]
[EventRounds "9"]
[EventCountry "GER"]
[SourceTitle "EXT 2008"]
[Source "ChessBase"]
[SourceDate "2007.11.25"]
[SourceVersion "1"]
[SourceVersionDate "2007.11.25"]
[SourceQuality "1"]
[WhiteTeam "Beelen"]
[BlackTeam "Muenster SK VI"]
[WhiteTeamCountry "GER"]
[BlackTeamCountry "GER"]

1. d4 d5 2. c4 e6 3. Nc3 Nf6 4. Bg5 Be7 5. e3 0-0 6. Bd3 c6 7. Nge2 Nbd7 8. 0-0 h6 9. Bh4 dxc4 10. Bxc4 Nb6 11. Bb3 Nfd5 12. Bg3 Bd6 13. e4 Nxc3 14. bxc3 Bxg3 15. Nxg3 Qc7 16. e5 c5 17. Qg4 cxd4 18. cxd4 Nd5 19. Nh5 f5 20. exf6 Nxf6 21. Bxe6+ Bxe6 22. Qxe6+ Qf7 23. Nxf6+ gxf6 24. Rfe1 Qxe6 25. Rxe6 Kf7 26. Rae1 Rfe8 27. Rxe8 Rxe8 28. Rxe8 Kxe8 29. Kf1 b5 30. Ke2 a5 31. Kd3 Kd7 32. d5 Kd6 33. Kd4 b4 34. Kc4 f5 35. f4 h5 36. h4 Kd7 37. Kb5 Kd6 38. Kxa5 Kxd5 39. Kxb4 1-0